Pays non reconnue par l'ONU - Statistiques

Statistiques générales
  • Ce quiz a été pris 268 fois
  • Le résultat moyen est 7 sur 19
Statistiques - réponses
Réponse % Correct
Palestine
91%
Taiwan
59%
Israel
56%
Kosovo
52%
Sahara Occidental
47%
Corée du Nord (République populaire démocratique de Corée)
46%
Transnistrie ( République Moldave du Dniestr)
44%
Corée du Sud (République de Corée)
37%
Chine (République populaire de Chine)
34%
Chypre (République de Chypre)
34%
Somaliland
34%
Afghanistan (Emirat islamique d'Afghanistan)
31%
Abkhazie
28%
Ossétie du Sud (République d'Ossétie du Sud-Alanie)
28%
Arménie
25%
Chypre du Nord ( République turque de Chypre du Nord)
24%
Niue
13%
Haut Karabagh (République d'Artsakh)
12%
Iles Cook
9%
Aucun quiz correspondant
Distribution des résultats
% des personnes avec chaque résultat
Percentile par nombre de réponses
Votre historique - résultats
Vous n’avez pas pris ce quiz